Integración y facilitación del comercio: fronteras seguras con comercio libre /
Salvato in:
| Autore principale: | |
|---|---|
| Natura: | testo |
| Soggetti: | |
| Tags: |
Aggiungi Tag
Nessun Tag, puoi essere il primo ad aggiungerne!!
|
MARC
| LEADER | 00000 a a2200000 04500 | ||
|---|---|---|---|
| 001 | 3662 | ||
| 003 | |||
| 040 | |||
| 100 | |a Ibarra Yúnez, Alejandro | ||
| 245 | |a Integración y facilitación del comercio: |b fronteras seguras con comercio libre / |c Alejandro Ibarra Yúnez | ||
| 650 | |a ACUERDOS ECONOMICOS | ||
| 650 | |a FONTERAS | ||
| 650 | |a MEXICO | ||
| 650 | |a ESTADOS UNIDOS | ||
| 650 | |a CANADA | ||
| 773 | |g volumen 58, número 4; páginas 295-302 | ||
| 999 | |c 30557 |d 30557 | ||
